000 00410nam a2200169Ia 4500
005 20240823010651.0
008 240823s9999||||xx |||||||||||||| ||und||
082 _A382 P1
100 _aSurendra S Yadav [et al]
245 0 _aForeign Exchange Markets
250 _a1st
260 _c2001
_b"Macmillan,Delhi"
500 _aYES
650 _aManagement
_bManagement Studies
942 _cBK
999 _c159299
_d159299